<?xml version="1.0" encoding="UTF-8"?><?xml-stylesheet type="text/xsl" href="static/style.xsl"?><OAI-PMH xmlns="http://www.openarchives.org/OAI/2.0/" xmlns:xsi="http://www.w3.org/2001/XMLSchema-instance" xsi:schemaLocation="http://www.openarchives.org/OAI/2.0/ http://www.openarchives.org/OAI/2.0/OAI-PMH.xsd"><responseDate>2026-04-13T16:55:16Z</responseDate><request verb="GetRecord" identifier="oai:www.recercat.cat:11351/13791" metadataPrefix="marc">https://recercat.cat/oai/request</request><GetRecord><record><header><identifier>oai:recercat.cat:11351/13791</identifier><datestamp>2025-10-24T10:31:10Z</datestamp><setSpec>com_2072_378070</setSpec><setSpec>com_2072_378040</setSpec><setSpec>col_2072_378092</setSpec></header><metadata><record xmlns="http://www.loc.gov/MARC21/slim" xmlns:dcterms="http://purl.org/dc/terms/" xmlns:xsi="http://www.w3.org/2001/XMLSchema-instance" xmlns:doc="http://www.lyncode.com/xoai" xsi:schemaLocation="http://www.loc.gov/MARC21/slim http://www.loc.gov/standards/marcxml/schema/MARC21slim.xsd">
   <leader>00925njm 22002777a 4500</leader>
   <datafield ind2=" " ind1=" " tag="042">
      <subfield code="a">dc</subfield>
   </datafield>
   <datafield ind2=" " ind1=" " tag="720">
      <subfield code="a">Rodríguez García, Carlota</subfield>
      <subfield code="e">author</subfield>
   </datafield>
   <datafield ind2=" " ind1=" " tag="720">
      <subfield code="a">Amado Diago, Carlos Antonio</subfield>
      <subfield code="e">author</subfield>
   </datafield>
   <datafield ind2=" " ind1=" " tag="720">
      <subfield code="a">de Miguel-Díez, Javier</subfield>
      <subfield code="e">author</subfield>
   </datafield>
   <datafield ind2=" " ind1=" " tag="720">
      <subfield code="a">Figueira-Gonçalves, Juan Marco</subfield>
      <subfield code="e">author</subfield>
   </datafield>
   <datafield ind2=" " ind1=" " tag="720">
      <subfield code="a">Barrecheguren, Miriam</subfield>
      <subfield code="e">author</subfield>
   </datafield>
   <datafield ind2=" " ind1=" " tag="720">
      <subfield code="a">Alcázar-Navarrete, Bernardino</subfield>
      <subfield code="e">author</subfield>
   </datafield>
   <datafield ind2=" " ind1=" " tag="260">
      <subfield code="c">2025-10-06T10:43:11Z</subfield>
   </datafield>
   <datafield ind2=" " ind1=" " tag="260">
      <subfield code="c">2025-10-06T10:43:11Z</subfield>
   </datafield>
   <datafield ind2=" " ind1=" " tag="260">
      <subfield code="c">2025-10</subfield>
   </datafield>
   <datafield ind2=" " ind1=" " tag="520">
      <subfield code="a">Cobstructive pulmonary disease; Exacerbation; Delphi consensus</subfield>
   </datafield>
   <datafield ind2=" " ind1=" " tag="520">
      <subfield code="a">Enfermedad pulmonar obstructiva crónica; Exacerbación; Consenso Delphi</subfield>
   </datafield>
   <datafield ind2=" " ind1=" " tag="520">
      <subfield code="a">Malaltia pulmonar obstructiva crònica; Exacerbació; Consens Delphi</subfield>
   </datafield>
   <datafield ind2=" " ind1=" " tag="520">
      <subfield code="a">Introduction&#xd;
COPD is a respiratory condition characterized by chronic airflow limitation. Exacerbations are an acute worsening of the symptoms. The objective of this study was to achieve a consensus on the management of COPD exacerbation syndrome in inpatient and outpatient settings.&#xd;
Material and methods&#xd;
A committee of experts developed a 60-item questionnaire to be agreed by a panel of experts, categorized into seven sections.&#xd;
Results&#xd;
After two rounds, consensus was reached on 81.7% of the items. Strong consensus (more than 85%) was reached on the importance of implementing protocols to help patients with exacerbations in both outpatient (92.7%) and inpatient (94.3%) settings. Regarding the criteria for hospitalization due to an exacerbation, respondents agreed that they are clearly defined (75.5%). Regarding bronchodilator use for CES, the only statement that did not achieve agreement was whether there are clinical differences between the use of nebulized rescue bronchodilators and pressurized metered-dose inhalers (pMDIs) with a spacer. Regarding CES treatment in the outpatient setting, consensus was reached for almost all statements, in contrast to what was found for inpatient treatment. Respondents disagreed with the statement that the use of SABA should be accompanied by the discontinuation of LAMAs or LABAs, with or without corticosteroids (74.8%). In the context of a COPD exacerbation requiring hospitalization, inhaled triple therapy should be prescribed (regardless of prior treatment) in the absence of contraindications. Regarding post-discharge protocols and rehabilitation, respondents reached consensus on all statements.&#xd;
Conclusions&#xd;
This Delphi consensus study provides valuable insights into the current management of CES, highlighting several areas where consensus remains elusive.</subfield>
   </datafield>
   <datafield ind2=" " ind1=" " tag="520">
      <subfield code="a">Introducción&#xd;
La EPOC es una enfermedad respiratoria caracterizada por la limitación crónica del flujo aéreo. Las exacerbaciones representan un empeoramiento agudo de los síntomas. El objetivo de este estudio fue establecer un consenso sobre el manejo del síndrome de exacerbación de la EPOC en entornos hospitalarios y ambulatorios.&#xd;
Material y métodos&#xd;
Un comité desarrolló un cuestionario de 60 ítems, estructurado en 7 secciones, para alcanzar consenso entre expertos.&#xd;
Resultados&#xd;
Se logró consenso en el 81,7% de los ítems tras 2 rondas. Se destacó el fuerte consenso sobre la importancia de implementar protocolos para pacientes con exacerbaciones tanto en atención ambulatoria (92,7%) como hospitalaria (94,3%). Se acordó que los criterios de hospitalización están claramente definidos (75,5%). En cuanto al uso de broncodilatadores para el síndrome de exacerbación de la EPOC, no se logró consenso respecto a las diferencias clínicas entre nebulizadores e inhaladores presurizados con espaciador. Se alcanzó consenso sobre la mayoría de los aspectos del tratamiento ambulatorio, pero hubo discrepancias en el ámbito hospitalario. Los encuestados no estuvieron de acuerdo con la afirmación de que el uso de SABA debería ir acompañado de la suspensión de LAMA o LABA, con o sin corticosteroides (74,8%). En el contexto de las exacerbaciones que requieren hospitalización, se recomendó la prescripción de triple terapia al alta (independientemente del tratamiento previo) en caso de no existir contraindicaciones. En cuanto a aspectos como los protocolos tras el alta y el uso de rehabilitación, los encuestados llegaron a un consenso en todas las afirmaciones.&#xd;
Conclusiones&#xd;
Este estudio Delphi proporciona información sobre el manejo actual del síndrome de exacerbación de la EPOC, resaltando algunas áreas con falta de consenso.</subfield>
   </datafield>
   <datafield ind2=" " ind1=" " tag="520">
      <subfield code="a">This research was supported by SEPAR (Sociedad Española de Neumología y Cirugía Torácica) COPD working group.</subfield>
   </datafield>
   <datafield ind1="8" ind2=" " tag="024">
      <subfield code="a">http://hdl.handle.net/11351/13791</subfield>
   </datafield>
   <datafield tag="653" ind2=" " ind1=" ">
      <subfield code="a">Decisió, Presa de</subfield>
   </datafield>
   <datafield tag="653" ind2=" " ind1=" ">
      <subfield code="a">Mètode Delphi</subfield>
   </datafield>
   <datafield tag="653" ind2=" " ind1=" ">
      <subfield code="a">Pulmons - Malalties obstructives - Tractament</subfield>
   </datafield>
   <datafield tag="653" ind2=" " ind1=" ">
      <subfield code="a">Assistència hospitalària</subfield>
   </datafield>
   <datafield tag="653" ind2=" " ind1=" ">
      <subfield code="a">Atenció primària</subfield>
   </datafield>
   <datafield tag="653" ind2=" " ind1=" ">
      <subfield code="a">PSYCHIATRY AND PSYCHOLOGY::Behavior and Behavior Mechanisms::Psychology, Social::Group Processes::Consensus</subfield>
   </datafield>
   <datafield tag="653" ind2=" " ind1=" ">
      <subfield code="a">INFORMATION SCIENCE::Information Science::Systems Analysis::Delphi Technique</subfield>
   </datafield>
   <datafield tag="653" ind2=" " ind1=" ">
      <subfield code="a">DISEASES::Respiratory Tract Diseases::Lung Diseases::Lung Diseases, Obstructive::Pulmonary Disease, Chronic Obstructive</subfield>
   </datafield>
   <datafield tag="653" ind2=" " ind1=" ">
      <subfield code="a">Other subheadings::Other subheadings::/therapy</subfield>
   </datafield>
   <datafield tag="653" ind2=" " ind1=" ">
      <subfield code="a">PUBLIC HEALTH::Health Care (Public Health)::Delivery of Health Care::Hospital Care</subfield>
   </datafield>
   <datafield tag="653" ind2=" " ind1=" ">
      <subfield code="a">ANALYTICAL, DIAGNOSTIC AND THERAPEUTIC TECHNIQUES, AND EQUIPMENT::Therapeutics::Patient Care::Ambulatory Care</subfield>
   </datafield>
   <datafield tag="653" ind2=" " ind1=" ">
      <subfield code="a">PSIQUIATRÍA Y PSICOLOGÍA::conducta y mecanismos de la conducta::psicología social::procesos de grupo::consenso</subfield>
   </datafield>
   <datafield tag="653" ind2=" " ind1=" ">
      <subfield code="a">CIENCIA DE LA INFORMACIÓN::Ciencias de la información::análisis de sistemas::técnica Delfos</subfield>
   </datafield>
   <datafield tag="653" ind2=" " ind1=" ">
      <subfield code="a">ENFERMEDADES::enfermedades respiratorias::enfermedades pulmonares::enfermedades pulmonares obstructivas::enfermedad pulmonar obstructiva crónica</subfield>
   </datafield>
   <datafield tag="653" ind2=" " ind1=" ">
      <subfield code="a">Otros calificadores::Otros calificadores::/terapia</subfield>
   </datafield>
   <datafield tag="653" ind2=" " ind1=" ">
      <subfield code="a">SALUD PÚBLICA::atención a la salud (salud pública)::prestación sanitaria::atención hospitalaria</subfield>
   </datafield>
   <datafield tag="653" ind2=" " ind1=" ">
      <subfield code="a">TÉCNICAS Y EQUIPOS ANALÍTICOS, DIAGNÓSTICOS Y TERAPÉUTICOS::terapéutica::asistencia al paciente::asistencia ambulatoria</subfield>
   </datafield>
   <datafield ind2="0" ind1="0" tag="245">
      <subfield code="a">Delphi Consensus on the Management of COPD Exacerbation Syndrome in Inpatient and Outpatient Settings</subfield>
   </datafield>
   <datafield ind2="0" ind1="0" tag="245">
      <subfield code="a">Consenso Delphi sobre el manejo del síndrome de agudización de la EPOC en ámbito hospitalario y ambulatorio</subfield>
   </datafield>
</record></metadata></record></GetRecord></OAI-PMH>